000 00393nam a2200121Ia 4500
008 220620s9999||||xx |||||||||||||| ||und||
100 _aMarkovic, Ivan
245 0 _aSemantic Business Process Modeling
546 _aEnglish[eng]
650 _aBusiness Modeling||Enterprise Modeling||Business Process||Semantic technologies||BPM
856 _uhttps://www.ksp.kit.edu/9783866445574
942 _cEB
999 _c24756
_d24756